000 00874nam a2200241 i 4500
001 171063
003 ES-MaACL
005 20230906214529.0
008 090424s1963 uy g |||| | spa d
080 _a398.87:32(46)"1939/61"
245 0 0 _aCantos de la nueva resistencia española
_b: 1939-1961 /
_cSergio Liberovici, Michele L. Straniero ; con la colaboración de Margot Galante Garrone.
250 _a1ª ed.
260 _aMontevideo :
_bEl Siglo Ilustrado,
_c1963.
300 _aXLI, [76] p. :
_bmús. ;
_c19 cm.
490 1 _aPoesía
650 4 _aCanciones políticas españolas.
_9139933
650 0 4 _aCanciones españolas-
_yS.XX.
_910726
700 1 _aLiberovici, Sergio.
_9139934
700 1 _aStraniero, Michele L.
_9139935
830 0 _aPoesía
_9177794
852 _aES-MaACL
_jE-12609
_z. - Biblioteca Jacinto Martínez Lacalle
999 _c171063
_d171063